000 00339nam a22001457a 4500
008 221006b ||||| |||| 00| 0 eng d
020 _a0781721229
041 _aeng
080 _2fifth edition
_a610.73
082 _a610.73 ALLE
100 _a5
101 _aINF
245 _aCOMMUNITY HEALTH NURSING
_cALLENDER .A.J
942 _2udc
_cBK
999 _c58386
_d58386